| 000 | 00440nam a2200169Ia 4500 | ||
|---|---|---|---|
| 008 | 230917s9999||||xx |||||||||||||| ||und|| | ||
| 020 | _cRS950 | ||
| 040 |
_e211148 _aMAIN |
||
| 041 | _aEnglish | ||
| 082 | _a954.01 D864A | ||
| 100 | _aDudi, Amar Singh | ||
| 245 | 0 | _aAncient Indian history | |
| 260 |
_aNew Delhi _bNeha Publishers _c2012 |
||
| 300 | _aviii, 304 p. | ||
| 500 | _a3527 11/10/2013 101 01/11/2013 Main Budget | ||
| 942 | _cBK | ||
| 999 |
_c31857 _d31857 |
||